[Event "24.Offene Herner Stadtmeisterschaft 2023"]
[Site "?"]
[Date "2023.03.07"]
[Round "5.14"]
[White "Westendorp, Christian"]
[Black "Foltin, Alica"]
[Result "1-0"]
[WhiteElo "1851"]
[BlackElo "1623"]
[WhiteTeam "SK Holsterhausen e. V."]
[BlackTeam "SV Waltrop 1922 e. V."]

1. d4 c5 2. d5 e5 3. Nc3 d6 4. Nf3 f5 5. e4 Nf6 6. Bb5+ Nbd7 7. Ng5 a6 8. Ne6 Qa5 9. Bxd7+ Bxd7 10. exf5 Bxe6 11. fxe6 Be7 12. O-O O-O 13. Bg5 Rac8 14. Bxf6 Rxf6 15. a4 Qb4 16. Qd3 Qd4 17. Rad1 Rcf8 18. Qxd4 exd4 19. Ne4 Rf5 20. c4 dxc3 21. bxc3 b5 22. Rd2 Re5 23. f3 Bg5 24. Rdd1 Be3+ 25. Kh1 b4 26. cxb4 cxb4 27. Nxd6 Bc5 28. Nb7 Bb6 29. a5 Bd8 30. Rfe1 Rxe1+ 31. Rxe1 Rf5 32. Nxd8 Kf8 33. d6 1-0

[Event "24.Offene Herner Stadtmeisterschaft 2023"]
[Site "?"]
[Date "2023.03.07"]
[Round "5.15"]
[White "Steinke, Hans-Jörg"]
[Black "Boost, Jürgen"]
[Result "1/2-1/2"]
[WhiteElo "1644"]
[BlackElo "1813"]
[WhiteTeam "SV Erkenschwick 1923 e"]
[BlackTeam "SC Gerthe 46 - Werne"]

1. d4 d5 2. c4 e6 3. Nc3 Nf6 4. Bg5 Be7 5. e3 Nbd7 6. Nf3 O-O 7. Rc1 h6 8. Bh4 a6 9. Bd3 dxc4 10. Bxc4 b5 11. Bd3 c5 12. dxc5 Nxc5 13. Bb1 Bb7 14. Qc2 Nfe4 15. Nxe4 Bxe4 16. Qd2 Bxb1 17. Qxd8 Rfxd8 18. Rxb1 Rac8 19. O-O g5 20. Bg3 Ne4 21. Rbc1 Bf6 22. Be5 Kg7 23. Bxf6+ Kxf6 24. Nd4 Nd2 25. Rfd1 e5 26. Nc6 Rd6 27. Nb4 Rxc1 28. Rxc1 a5 29. Rc6 Ke6 30. Rxd6+ Kxd6 31. Nc2 f5 32. f3 Kc5 33. Kf2 Nc4 34. b3 Nd6 1/2-1/2

[Event "24.Offene Herner Stadtmeisterschaft 2023"]
[Site "?"]
[Date "2023.03.06"]
[Round "5.16"]
[White "Schulz, Angelika"]
[Black "Bautz, Volker"]
[Result "0-1"]
[WhiteElo "1590"]
[BlackElo "1799"]
[PlyCount "92"]
[EventDate "2023.??.??"]
[WhiteTeam "SV Erkenschwick 1923 e"]
[BlackTeam "Bochumer SV 02"]

1. Nf3 d5 2. c4 e6 3. d4 Nf6 4. Nc3 Be7 5. Bf4 O-O 6. cxd5 Nxd5 7. Nxd5 exd5 8. a3 c6 9. e3 Bf5 10. Bd3 Bxd3 11. Qxd3 Nd7 12. O-O Nf6 13. h3 h6 14. Rac1 a5 15. Rc2 Ne4 16. Ne5 Ra6 17. f3 Nf6 18. Kh1 Nh5 19. Bh2 Bh4 20. g4 Ng3+ 21. Bxg3 Bxg3 22. Qe2 Re8 23. f4 Bh4 24. g5 f6 25. Ng6 fxg5 26. Nxh4 gxh4 27. Qg4 Qf6 28. Rg1 Rxe3 29. Rcg2 Re7 30. f5 Ra8 31. Qh5 Rf8 32. Rg6 Qxf5 33. Qxh4 Qe4+ 34. Qxe4 dxe4 35. R1g2 e3 36. Re2 Rf2 37. Rg2 Rxe2 38. Rxe2 Re4 39. Kg2 Rxd4 40. Kf3 Rd3 41. b4 axb4 42. axb4 Rb3 43. Kg2 Kf7 44. Kg3 Kf6 45. Kf3 Kf5 46. h4 Rxb4 0-1

[Event "24.Offene Herner Stadtmeisterschaft 2023"]
[Site "?"]
[Date "2023.03.06"]
[Round "5.17"]
[White "Ewers, Christian"]
[Black "Deutschmann, Jürgen"]
[Result "1-0"]
[WhiteElo "1762"]
[BlackElo "1603"]
[PlyCount "109"]
[EventDate "2023.??.??"]
[WhiteTeam "vereinslos"]
[BlackTeam "SV Hattingen e. V."]

1. e4 c6 2. d4 d5 3. e5 Bf5 4. Nc3 e6 5. g4 Bg6 6. Nge2 h6 7. h4 h5 8. Nf4 Bh7 9. Nxh5 Nd7 10. Bd3 Bxd3 11. Qxd3 Nh6 12. Bg5 Qc7 13. f3 c5 14. Nb5 Qa5+ 15. Bd2 Qb6 16. Nd6+ Bxd6 17. exd6 O-O-O 18. Bc3 c4 19. Qe3 g6 20. Ng3 Qxd6 21. Ne2 Rde8 22. O-O-O Nb6 23. a3 Na4 24. Bb4 Qc7 25. b3 Nb6 26. Kb1 Ng8 27. Nc3 a6 28. Ba5 Qc6 29. Bxb6 Qxb6 30. Nxd5 Qb5 31. Nc3 Qb6 32. Na4 Qb5 33. Ka2 Ne7 34. Nc3 Nd5 35. Nxb5 Nxe3 36. Nd6+ Kb8 37. Nxe8 cxb3+ 38. Kxb3 Nxd1 39. Rxd1 Rxe8 40. Re1 Kc7 41. c4 Rd8 42. Kc3 Kc6 43. Re5 b6 44. h5 Kd6 45. Rg5 gxh5 46. Rxh5 Rc8 47. Rh7 Ke7 48. g5 Rg8 49. f4 Rc8 50. g6 Rf8 51. c5 bxc5 52. dxc5 Kf6 53. Rxf7+ Rxf7 54. gxf7 Kxf7 55. Kd4 1-0

[Event "24.Offene Herner Stadtmeisterschaft 2023"]
[Site "?"]
[Date "2023.03.07"]
[Round "5.18"]
[White "Kamper, Marco"]
[Black "Koch, Burkhard"]
[Result "1/2-1/2"]
[WhiteElo "1606"]
[BlackElo "1765"]
[WhiteTeam "Sportgemeinschaft Suderwich 1909"]
[BlackTeam "SG Wanne e.V."]

1. e4 e6 2. Nc3 d5 3. exd5 exd5 4. d4 Nf6 5. Be2 Be7 6. Nf3 O-O 7. O-O c6 8. Bf4 Nh5 9. Be3 Nf6 10. Bf4 Nh5 11. Be3 Nf6 12. Bf4 1/2-1/2

[Event "24.Offene Herner Stadtmeisterschaft 2023"]
[Site "?"]
[Date "2023.03.07"]
[Round "5.19"]
[White "Landwehr, Ingo"]
[Black "Müller-Kreth, Kai"]
[Result "1/2-1/2"]
[WhiteElo "1511"]
[BlackElo "1732"]
[WhiteTeam "Bochumer SV 02"]
[BlackTeam "SK Sodingen/Castrop 24/23 e. V."]

1. c4 c5 2. g3 Nc6 3. Bg2 g6 4. Nc3 Bg7 5. a3 Nf6 6. e3 d6 7. Nge2 O-O 8. O-O e6 9. e4 a6 10. Rb1 Qc7 11. d3 Bd7 12. b4 Nd4 13. b5 Nxe2+ 14. Qxe2 e5 15. a4 axb5 16. axb5 b6 17. Bb2 Ra7 18. Ra1 Rfa8 19. Rxa7 Rxa7 20. Ra1 Rxa1+ 21. Bxa1 Qa7 22. Qa2 Qxa2 23. Nxa2 Bh6 24. Nc3 Bd2 25. Na4 Ba5 26. Bc3 Bxc3 27. Nxc3 Be6 28. h4 h5 29. Kh2 Kf8 30. f3 Ke7 31. Bh3 Nd7 32. g4 Nf6 33. Kg3 Nd7 34. Na4 f6 35. gxh5 gxh5 36. Nc3 Bxh3 37. Kxh3 Ke6 38. Nd5 f5 39. Ne3 f4 40. Nd5 1/2-1/2

[Event "24.Offene Herner Stadtmeisterschaft 2023"]
[Site "?"]
[Date "2023.03.07"]
[Round "5.20"]
[White "Scheithauer, Ralf"]
[Black "Sikorski, Thomas"]
[Result "0-1"]
[WhiteElo "1368"]
[BlackElo "1693"]
[WhiteTeam "Bochumer SV 02"]
[BlackTeam "SF Essen-Katernberg 0"]

1. e4 e5 2. Bc4 Bc5 3. d4 Bxd4 4. Nf3 Nc6 5. O-O Nf6 6. Nxd4 Nxd4 7. f4 d6 8. fxe5 dxe5 9. Bg5 Bg4 10. Bxf6 Bxd1 11. Bxd8 Rxd8 12. Bxf7+ Ke7 13. Na3 Bxc2 14. Rac1 Ne2+ 15. Kh1 Nxc1 16. Nxc2 Rhf8 17. Rxc1 Rxf7 18. Ne3 c6 19. Kg1 Rd3 20. Nf5+ Ke6 21. Ng3 Rd2 22. Nf5 g6 23. Ne3 Re2 24. Nf1 Rxe4 25. Nd2 Re2 26. Nf3 Rxf3 27. gxf3 Rxb2 0-1

[Event "24.Offene Herner Stadtmeisterschaft 2023"]
[Site "?"]
[Date "2023.03.07"]
[Round "5.21"]
[White "Vossen, Dieter"]
[Black "Tolksdorf, Jürgen"]
[Result "1-0"]
[WhiteElo "1500"]
[BlackElo "1666"]
[WhiteTeam "?"]
[BlackTeam "vereinslos"]

1. e4 b6 2. d4 e6 3. g3 Bb7 4. Bg2 Nf6 5. Bg5 Be7 6. Nc3 h6 7. Bxf6 Bxf6 8. Nge2 Be7 9. d5 O-O 10. e5 d6 11. f4 Nd7 12. O-O exd5 13. Nxd5 Bxd5 14. Qxd5 Rc8 15. Nd4 dxe5 16. Nc6 Nf6 17. Qxd8 Bxd8 18. Nxa7 Rb8 19. Nc6 Rc8 20. fxe5 Ng4 21. Rae1 Bg5 22. Bh3 h5 23. Rf5 Be3+ 24. Rxe3 Nxe3 25. Rf3 Nd5 26. Bxc8 Rxc8 27. c4 Ra8 28. cxd5 Rxa2 29. b4 Rd2 30. Rf2 Rd1+ 31. Kg2 Kf8 32. e6 f6 33. Rf5 Rd2+ 34. Kh3 Re2 35. Rxh5 g6 36. Rh7 g5 1-0

[Event "24.Offene Herner Stadtmeisterschaft 2023"]
[Site "?"]
[Date "2023.03.06"]
[Round "5.22"]
[White "Boxberg, Olaf"]
[Black "Buchhop, Rainer"]
[Result "1-0"]
[WhiteElo "1765"]
[BlackElo "1440"]
[PlyCount "65"]
[EventDate "2023.??.??"]
[WhiteTeam "SV Datteln 1924"]
[BlackTeam "SV Unser Fritz Wanne-E"]

1. Nf3 Nf6 2. g3 g6 3. Bg2 Bg7 4. d3 O-O 5. O-O d6 6. e4 e5 7. c3 Nbd7 8. Re1 Rb8 9. a4 a5 10. d4 Ne8 11. Be3 f5 12. dxe5 dxe5 13. exf5 gxf5 14. Bc5 Nd6 15. Bxd6 cxd6 16. Qxd6 Qf6 17. Qd5+ Kh8 18. Nbd2 b6 19. Nc4 e4 20. Nd4 Nc5 21. Bf1 Rd8 22. Qc6 Bd7 23. Qxf6 Bxf6 24. Nb5 Be8 25. Be2 Nb3 26. Rad1 Bg5 27. Rxd8 Rxd8 28. Rd1 Rxd1+ 29. Bxd1 Nd2 30. Nbd6 Nxc4 31. Nxc4 b5 32. Nd6 Bd7 33. Nf7+ 1-0

[Event "24.Offene Herner Stadtmeisterschaft 2023"]
[Site "?"]
[Date "2023.03.07"]
[Round "5.23"]
[White "Nizak, Bodo"]
[Black "Bock, Oswin"]
[Result "1-0"]
[WhiteElo "1602"]
[BlackElo "1378"]
[WhiteTeam "SK Ickern 60"]
[BlackTeam "vereinslos"]

1. e4 e6 2. d4 d5 3. e5 c5 4. Nf3 a6 5. a4 h6 6. Be2 c4 7. O-O Ne7 8. Nc3 Ng6 9. h3 Be7 10. Nh2 Nd7 11. Bh5 Bg5 12. f4 Be7 13. Ng4 Nh4 14. Ne3 Nf5 15. Nxf5 exf5 16. Nxd5 g6 17. Bf3 Nb6 18. Nc3 Qc7 19. Be3 Be6 20. Qd2 Rd8 21. Rad1 h5 22. d5 Bc5 23. dxe6 Bxe3+ 24. Qxe3 Rxd1 25. Rxd1 O-O 26. Rd6 Nc8 27. Rd7 Qc6 28. exf7+ Kg7 29. e6 Nb6 30. Qd4+ 1-0

[Event "24.Offene Herner Stadtmeisterschaft 2023"]
[Site "?"]
[Date "2023.03.07"]
[Round "5.24"]
[White "Kümmel, Hans-Jürgen"]
[Black "Mücke, Lukas Benedikt"]
[Result "0-1"]
[WhiteElo "1329"]
[BlackElo "1599"]
[WhiteTeam "SV Günnigfeld 1922 e."]
[BlackTeam "SV Waltrop 1922 e. V."]

1. c4 e5 2. Nc3 Nc6 3. g3 Bc5 4. Bg2 a6 5. e3 d6 6. Nge2 Ba7 7. O-O h5 8. d4 h4 9. h3 hxg3 10. fxg3 Bxh3 11. Bxh3 Rxh3 12. Kg2 Qd7 13. Rh1 Rxh1 14. Qxh1 exd4 15. Nd5 dxe3 16. Qh4 Nce7 17. Nxe7 Qxe7 18. Qxe7+ Kxe7 19. Kf3 Re8 20. Bxe3 Bxe3 21. Kxe3 Nf6 22. Kf3 Kd7 23. Rd1 Ne4 24. Nf4 Nf6 25. Rd2 Kc6 26. a3 Re1 27. Nd3 Rg1 28. Nf4 Rxg3+ 0-1

[Event "24.Offene Herner Stadtmeisterschaft 2023"]
[Site "?"]
[Date "2023.03.07"]
[Round "5.25"]
[White "Ehm, Christian"]
[Black "Heiduk, Christopher"]
[Result "1/2-1/2"]
[WhiteElo "1345"]
[BlackElo "1583"]
[WhiteTeam "Bochumer SV 02"]
[BlackTeam "SV Datteln 1924"]

1. c4 b6 2. Nf3 Bb7 3. Nc3 e6 4. e4 Bb4 5. a3 Bxc3 6. bxc3 Bxe4 7. d3 Bxf3 8. Qxf3 Nc6 9. Bb2 Nf6 10. d4 d5 11. cxd5 exd5 12. Bb5 Qd6 13. O-O O-O 14. a4 a6 15. Ba3 Qd7 16. Bxc6 Qxc6 17. Bxf8 Kxf8 18. Qd3 Ne4 19. f3 Nf6 20. Rfe1 a5 21. Qc2 Qc4 22. Rab1 Rd8 23. Qb3 Qd3 24. Rbd1 Qg6 25. Qa3+ Kg8 26. Re5 h6 27. Rde1 Qd3 28. Qc1 c5 29. dxc5 bxc5 30. c4 Qd4+ 31. Kh1 Ne4 32. fxe4 Qxe5 33. exd5 Qc7 1/2-1/2

[Event "24.Offene Herner Stadtmeisterschaft 2023"]
[Site "?"]
[Date "2023.03.07"]
[Round "5.26"]
[White "Oelmann, Barbara"]
[Black "Rathke, Dieter"]
[Result "0-1"]
[WhiteElo "762"]
[BlackElo "1552"]
[WhiteTeam "SGrupp Rochade Disteln 199"]
[BlackTeam "SK Ickern 60"]

1. d4 d5 2. Nf3 Nf6 3. e3 Bg4 4. Nbd2 e6 5. h3 Bh5 6. g4 Bg6 7. Ne5 Nbd7 8. Nxg6 hxg6 9. Bg2 c6 10. Qe2 Qc7 11. Nb3 Be7 12. Bd2 e5 13. f3 e4 14. O-O-O b6 15. g5 Nh5 16. Be1 exf3 17. Qxf3 Bxg5 18. Bf1 O-O 19. h4 Bh6 20. Kb1 Rae8 21. Bb4 c5 22. dxc5 bxc5 23. Ba3 Nhf6 24. Re1 Re5 25. Bh3 Rfe8 26. Bxd7 Rxe3 27. Rxe3 Rxe3 28. Qf1 Qxd7 29. Bxc5 Re4 30. Bd4 Rf4 31. Qe1 Ne4 32. a3 Rxh4 33. Qe2 Qc7 34. Be3 Rh2 35. Qd3 Bxe3 36. Qxe3 Rxh1+ 37. Ka2 Rh5 38. c3 a5 39. a4 Qc6 40. Nxa5 Qxa4+ 0-1

[Event "24.Offene Herner Stadtmeisterschaft 2023"]
[Site "?"]
[Date "2023.03.07"]
[Round "5.27"]
[White "Malessa, Uwe"]
[Black "von Blumenthal, Nikolaus"]
[Result "0-1"]
[WhiteElo "1200"]
[BlackElo "1541"]
[WhiteTeam "SV Erkenschwick 1923 e"]
[BlackTeam "SV Zeppelin Herne e. V."]

1. e4 e5 2. Nf3 d6 3. d4 exd4 4. Nxd4 Nf6 5. Nc3 Be7 6. Bb5+ Bd7 7. Bd3 Nc6 8. Nxc6 Bxc6 9. h3 O-O 10. b3 Nd7 11. Bb2 Bf6 12. Qd2 Re8 13. O-O-O Ne5 14. Be2 Ng6 15. Bd3 Bg5 16. Ne2 Bxd2+ 17. Rxd2 Bxe4 18. Re1 Bxd3 19. Rxd3 Qg5+ 20. Kb1 Qxg2 21. Bd4 Rxe2 22. Rxe2 Qf1+ 23. Kb2 Qxe2 24. Be3 Re8 25. Rd2 Qh5 26. Bxa7 Qe5+ 27. Bd4 Qh5 28. Rd3 Ne5 29. Rc3 c5 30. Be3 b5 31. a4 b4 32. Rc4 Nxc4+ 33. bxc4 Qe5+ 34. Kb1 Ra8 35. Bc1 Rxa4 36. Bb2 Qe1+ 37. Bc1 Qxf2 38. Kb2 Qd4+ 0-1

[Event "24.Offene Herner Stadtmeisterschaft 2023"]
[Site "?"]
[Date "2023.03.06"]
[Round "5.29"]
[White "Krolik, Wilfried"]
[Black "Mrowetz, Josef"]
[Result "1/2-1/2"]
[WhiteElo "1443"]
[BlackElo "1470"]
[PlyCount "85"]
[EventDate "2023.??.??"]
[WhiteTeam "SV Waltrop 1922 e. V."]

1. e4 e5 2. Nf3 Nc6 3. d4 exd4 4. Nxd4 d6 5. Bb5 Bd7 6. c4 Qf6 7. Be3 Nge7 8. Nc3 Ne5 9. Bxd7+ Nxd7 10. Nf3 c6 11. O-O h6 12. Re1 Ng6 13. Qd2 Nge5 14. Nxe5 Nxe5 15. b3 Qg6 16. Kh1 Be7 17. f4 Nd7 18. Qf2 O-O 19. Bxa7 c5 20. Nb5 Bf6 21. Rad1 Be7 22. e5 Rfd8 23. exd6 Bf6 24. Bxc5 Nxc5 25. Qxc5 Rxa2 26. Qd5 Qc2 27. c5 Bh4 28. Rf1 Ra3 29. Rd2 Qg6 30. Qxb7 Rda8 31. Rdd1 Ra2 32. g3 Bxg3 33. f5 Qh5 34. Qxa8+ Rxa8 35. Rd2 Be5 36. d7 Bf6 37. c6 Qg5 38. Rg2 Qe3 39. c7 Qc5 40. c8=Q+ Rxc8 41. dxc8=Q+ Qxc8 42. Nd6 Qc6 43. Nc4 1/2-1/2

[Event "24.Offene Herner Stadtmeisterschaft 2023"]
[Site "?"]
[Date "2023.03.13"]
[Round "6.1"]
[White "Kiese, Matthias"]
[Black "Quast, Marcel"]
[Result "0-1"]
[WhiteElo "2149"]
[BlackElo "2218"]
[PlyCount "76"]
[EventDate "2023.??.??"]
[WhiteTeam "Bochumer SV 02"]
[BlackTeam "SC Gerthe 46 - Werne"]

1. d4 f5 2. g3 Nf6 3. Bg2 g6 4. Nd2 Bg7 5. e4 Nxe4 6. Nxe4 fxe4 7. Bxe4 Nc6 8. c3 e5 9. d5 Ne7 10. h4 d6 11. h5 Bf5 12. Bxf5 gxf5 13. h6 Bf6 14. Qh5+ Kd7 15. g4 Rf8 16. c4 Qe8 17. g5 Bh8 18. Ne2 Qxh5 19. Rxh5 b5 20. cxb5 Nxd5 21. Bd2 f4 22. Nc3 Nxc3 23. Bxc3 Rf5 24. f3 Rg8 25. Rc1 Rfxg5 26. Rxg5 Rxg5 27. Kf2 Bf6 28. Ba5 Bd8 29. a4 Rh5 30. Rc6 Rxh6 31. Bc3 Rh2+ 32. Kg1 Rh3 33. Kg2 Rg3+ 34. Kf2 h5 35. Bd2 h4 36. Rc1 h3 37. Rh1 Rg2+ 38. Ke1 h2 0-1

[Event "24.Offene Herner Stadtmeisterschaft 2023"]
[Site "?"]
[Date "2023.03.13"]
[Round "6.2"]
[White "Koscielski, Janusz"]
[Black "Hahn, Matthias"]
[Result "1/2-1/2"]
[WhiteElo "2220"]
[BlackElo "2084"]
[Annotator "Waldschmidt,Georg"]
[PlyCount "165"]
[EventDate "2023.??.??"]
[WhiteTeam "SV Wattenscheid 1930 e"]
[BlackTeam "SV Bochum-Linden-Dahlh"]

1. e4 e5 2. Nf3 Nc6 3. Bc4 Nf6 4. d3 Bc5 5. c3 O-O 6. O-O d5 7. exd5 Nxd5 8. Re1 Bg4 9. Nbd2 Nb6 10. h3 Bh5 11. Bb3 Qxd3 12. Nxe5 Qf5 13. Nef3 Qd7 14. Ne4 Qxd1 15. Bxd1 Be7 16. Ng3 Bg6 17. Bb3 Bd6 18. Ne4 Bxe4 19. Rxe4 Rfe8 20. Rxe8+ Rxe8 21. Be3 Na5 22. Rd1 Nbc4 23. Bxc4 Nxc4 24. Bc1 a6 25. Kf1 f6 26. b3 Nb6 27. Be3 Nd7 28. c4 Kf7 29. Rd5 Ne5 30. Nxe5+ Bxe5 31. f4 Bd6 32. Kf2 Bb4 33. Kf3 c6 34. Rd7+ Re7 35. Rd8 Re8 36. Rxe8 Kxe8 37. Ke4 Kf7 38. f5 h5 39. Bd4 Bd6 40. Kf3 g6 41. g4 hxg4+ 42. Kxg4 g5 43. Kf3 Be7 44. Ke4 Ke8 45. a4 Kd7 46. Bc3 Ke8 47. b4 Kd7 48. b5 Ke8 49. bxa6 bxa6 50. Bd4 Kd7 51. Kd3 Kc7 52. Kc2 Kb7 53. Kb3 Kc7 54. Bc3 Kb6 55. Bd4+ Kb7 56. Be3 Kc8 57. Bd2 Kb7 58. Ba5 Ka7 59. Kc3 Kb7 60. Kd4 Kc8 61. Bb6 Bd6 62. Bc5 Be5+ 63. Ke4 Kd7 64. Be3 Bc3 65. Bc1 Ke7 66. Ba3+ Kd7 67. Bc5 Be5 68. Bf2 Ke7 69. Bc5+ Kd7 70. Kf3 Ke8 71. Be3 Ke7 72. Ke4 Bc3 73. Bf2 Kd7 74. h4 gxh4 75. Bxh4 Ke7 76. Bg3 Kd7 77. Kd3 Bb2 78. Kc2 Bd4 79. Bf4 Kc8 80. Kd3 Bb2 81. Be3 Kd7 82. Bc5 Be5 83. Be3 1/2-1/2

[Event "24.Offene Herner Stadtmeisterschaft 2023"]
[Site "?"]
[Date "2023.03.13"]
[Round "6.3"]
[White "Lang, Daniel"]
[Black "Cobanoglu, Ferhat"]
[Result "1-0"]
[WhiteElo "2116"]
[BlackElo "1911"]
[PlyCount "133"]
[EventDate "2023.??.??"]
[WhiteTeam "SV Wattenscheid 1930 e"]
[BlackTeam "SK Sodingen/Castrop 24/23 e. V."]

1. d4 d5 2. c4 e6 3. Nc3 c6 4. e4 dxe4 5. Nxe4 Nf6 6. Nxf6+ Qxf6 7. Nf3 Bb4+ 8. Bd2 Bxd2+ 9. Qxd2 Nd7 10. Bd3 h6 11. O-O-O g5 12. Rhe1 g4 13. Ne5 Nxe5 14. dxe5 Qg5 15. Qxg5 hxg5 16. Re4 f5 17. exf6 Kf7 18. Rxg4 Kxf6 19. h3 e5 20. Re4 Rh4 21. Rxh4 gxh4 22. Kd2 Be6 23. Ke3 Rd8 24. b3 Bf5 25. Be2 Rg8 26. Bf1 Ke7 27. Kf3 Rf8 28. Ke3 Rg8 29. Rd2 b6 30. Kf3 Rf8 31. Ke3 Rg8 32. b4 a5 33. a3 axb4 34. axb4 Ra8 35. g4 Ra3+ 36. Bd3 Bg6 37. f3 Rc3 38. c5 bxc5 39. bxc5 Bxd3 40. Rxd3 Rxc5 41. f4 exf4+ 42. Kxf4 Kf7 43. Re3 Kf6 44. Re4 Rd5 45. Rc4 c5 46. Re4 Kf7 47. Re5 Rd3 48. Rxc5 Rxh3 49. Kg5 Rh1 50. Rc7+ Kf8 51. Kf6 Rf1+ 52. Kg6 h3 53. Rh7 Rf3 54. Rh8+ Ke7 55. g5 Rg3 56. Rh5 Kf8 57. Kh7 Kf7 58. Kh6 Kg8 59. Rh4 Kf7 60. Rh5 Kg8 61. g6 Rd3 62. Rh4 Rd6 63. Ra4 Rf6 64. Ra8+ Rf8 65. Ra7 Rf6 66. Rg7+ Kh8 67. Rf7 1-0

[Event "24.Offene Herner Stadtmeisterschaft 2023"]
[Site "Herne"]
[Date "13.03.2023"]
[Round "6.4"]
[White "Radi, Günter"]
[Black "Schulze-Schwering"]
[Result "1/2-1/2"]
[WhiteElo "1873"]
[BlackElo "2037"]
[PlyCount "60"]
[SourceDate "13.03.2023"]

1. d4 d5 2. c4 e6 3. Nc3 Nf6 4. Bg5 dxc4 5. e3 a6 6. Bxc4 b5 7. Be2 Bb7 8. Bf3 Bxf3 9. Nxf3 Nbd7 10. O-O Be7 11. Rc1 O-O 12. a3 c5 13. dxc5 Nxc5 14. b4 Nce4 15. Qxd8 Bxd8 16. Nxe4 Nxe4 17. Bxd8 Rfxd8 18. Rfd1 Rac8 19. Kf1 Kf8 20. Ke1 Ke8 21. Nd4 Nc3 22. Rd2 Nd5 23. Rdc2 Rxc2 24. Rxc2 Kd7 25. Nb3 Nb6 26. Na5 Rc8 27. Rxc8 Kxc8 28. e4 Kc7 29. Kd2 e5 30. Kd3 Nd7 1/2-1/2

[Event "24.Offene Herner Stadtmeisterschaft 2023"]
[Site "?"]
[Date "2023.03.13"]
[Round "6.5"]
[White "Trzaska, Peter"]
[Black "Schmidt, Ralph"]
[Result "1/2-1/2"]
[WhiteElo "2036"]
[BlackElo "1873"]
[PlyCount "44"]
[EventDate "2023.??.??"]
[WhiteTeam "SV Erkenschwick 1923 e"]
[BlackTeam "SV Bochum-Linden-Dahlh"]

1. c4 e5 2. Nf3 Nc6 3. Nc3 Nf6 4. g3 d6 5. d4 Bg4 6. d5 Bxf3 7. exf3 Nb8 8. Bg2 Nbd7 9. f4 exf4 10. Bxf4 Be7 11. O-O O-O 12. Re1 Re8 13. Nb5 a6 14. Nd4 g6 15. Bf3 Bf8 16. Rc1 Bg7 17. Nb3 Rxe1+ 18. Qxe1 Qf8 19. Qb4 b6 20. Qd2 Re8 21. Re1 Rxe1+ 22. Qxe1 Bh6 1/2-1/2

[Event "24.Offene Herner Stadtmeisterschaft 2023"]
[Site "?"]
[Date "2023.03.13"]
[Round "6.7"]
[White "Ewers, Christian"]
[Black "Melmer, Felix"]
[Result "1-0"]
[WhiteElo "1762"]
[BlackElo "2031"]
[PlyCount "125"]
[EventDate "2023.??.??"]
[WhiteTeam "vereinslos"]

1. e4 c5 2. Nf3 Nc6 3. Nc3 g6 4. d4 cxd4 5. Nxd4 Bg7 6. Nde2 Nf6 7. g3 d6 8. Bg2 Bg4 9. h3 Bd7 10. O-O Qc8 11. Kh2 h5 12. f3 Be6 13. Rb1 Nd7 14. a3 a5 15. Nd5 Bxd5 16. Qxd5 a4 17. Bd2 Ra6 18. f4 O-O 19. Bf3 Nd8 20. Bb4 Nb6 21. Qg5 Bf6 22. Qh6 Ne6 23. Bc3 Bg7 24. Bxg7 Nxg7 25. Nc3 Ra5 26. Rf2 e6 27. g4 Nc4 28. Nd1 Qd8 29. Kg3 hxg4 30. hxg4 f5 31. Nc3 fxg4 32. Bxg4 Qf6 33. Rh1 Nxb2 34. Qh7+ Kf7 35. e5 Qe7 36. Ne4 dxe5 37. fxe5+ Ke8 38. Qxg6+ Kd8 39. Rxf8+ Qxf8 40. Qf6+ Qxf6 41. exf6 Nf5+ 42. Bxf5 Rxf5 43. Rh8+ Kd7 44. Rh7+ Kc6 45. f7 Nc4 46. Rh5 Rxf7 47. Rc5+ Kb6 48. Rxc4 Ka5 49. Rb4 b5 50. Nd6 Rd7 51. Nxb5 Rd2 52. c4 Rd3+ 53. Kf4 Rxa3 54. Rb1 Rd3 55. Ke5 a3 56. Nxa3 Rxa3 57. Kxe6 Rd3 58. c5 Ka6 59. c6 Ka7 60. c7 Rc3 61. Kd7 Rd3+ 62. Kc8 Ra3 63. Kd8 1-0

[Event "24.Offene Herner Stadtmeisterschaft 2023"]
[Site "Herne"]
[Date "13.03.2023"]
[Round "6.8"]
[White "Althoff, Ralph"]
[Black "Kleinert, Andreas"]
[Result "1-0"]
[WhiteElo "1976"]
[BlackElo "1749"]
[PlyCount "65"]
[SourceDate "13.03.2023"]

1. d4 d6 2. Nf3 Nf6 3. g3 Nbd7 4. Bg2 e5 5. O-O Be7 6. c4 O-O 7. Nc3 c6 8. e4 a6 9. a4 a5 10. h3 Re8 11. Be3 Bf8 12. Qc2 exd4 13. Nxd4 Nc5 14. Rad1 Qc7 15. Bg5 Be7 16. Rfe1 Be6 17. b3 Rad8 18. Bc1 Bf8 19. Bb2 Qb6 20. Kh2 Bc8 21. f4 g6 22. Re3 Bg7 23. Nce2 Bg4 24. e5 dxe5 25. fxe5 Bxe2 26. Qxe2 Nfd7 27. e6 Nf6 28. Rf1 Nxe6 29. Nxe6 Ng4+ 30. hxg4 Bxb2 31. c5 Qb4 32. Nxd8 Rxd8 33. Re8+ 1-0

[Event "24.Offene Herner Stadtmeisterschaft 2023"]
[Site "Herne"]
[Date "13.03.2023"]
[Round "6.9"]
[White "Wiechen, Ulrich"]
[Black "Feldhaus, Thomas"]
[Result "1-0"]
[WhiteElo "1941"]
[BlackElo "1690"]
[PlyCount "83"]
[SourceDate "13.03.2023"]

1. e4 e6 2. d4 d5 3. Nc3 Bb4 4. e5 Qd7 5. Bd2 b6 6. f4 Ba6 7. Bxa6 Nxa6 8. Qe2 Nb8 9. Nf3 Nc6 10. O-O-O Bxc3 11. Bxc3 O-O-O 12. Qa6+ Kb8 13. Rd3 h6 14. b4 Qc8 15. Qa4 Kb7 16. b5 Nb8 17. Bb4 Ka8 18. Rc3 Qb7 19. Rd1 Re8 20. Qa3 g5 21. g3 g4 22. Ne1 h5 23. Nd3 Nd7 24. Rc6 Nh6 25. Qc3 Rc8 26. Ba3 Nf5 27. Nb4 Nb8 28. Qd3 Rcg8 29. Rc3 h4 30. Na6 Rc8 31. Qe2 hxg3 32. hxg3 Rh7 33. Bb4 c6 34. Nxb8 Kxb8 35. Qxg4 Rg7 36. Qh3 c5 37. dxc5 bxc5 38. Bxc5 d4 39. Bxd4 Rxc3 40. Bxc3 Rxg3 41. Qh8+ Kc7 42. Qd8# 1-0

[Event "24.Offene Herner Stadtmeisterschaft 2023"]
[Site "?"]
[Date "2023.03.13"]
[Round "6.10"]
[White "Schicktanz, Florian"]
[Black "Pinno, Gregor"]
[Result "1/2-1/2"]
[WhiteElo "1731"]
[BlackElo "1911"]
[PlyCount "75"]
[EventDate "2023.??.??"]
[WhiteTeam "SV Erkenschwick 1923 e"]
[BlackTeam "SF Olfen 1975"]

1. c4 e5 2. Nc3 Nc6 3. g3 f5 4. d3 Nf6 5. Bg2 Bb4 6. Bg5 O-O 7. Nf3 d6 8. O-O Bxc3 9. bxc3 Qe8 10. Qb3 Kh8 11. Nd2 Qh5 12. Bxf6 Rxf6 13. Bf3 Qh6 14. e3 Nd8 15. Bg2 f4 16. exf4 Bh3 17. fxe5 dxe5 18. Ne4 Rf5 19. Bxh3 Qxh3 20. f3 b6 21. Qc2 Ne6 22. Qg2 Qh6 23. Qe2 c5 24. Nd6 Rf6 25. Qxe5 Ng5 26. Rac1 Raf8 27. Nf5 Qg6 28. Nh4 Qh5 29. f4 Nh3+ 30. Kg2 Qg4 31. f5 Ng5 32. Rf4 Qh5 33. Ng6+ hxg6 34. Rh4 Qxh4 35. gxh4 Nf3 36. Kxf3 Rxf5+ 37. Qxf5 Rxf5+ 38. Kg2 1/2-1/2

[Event "24.Offene Herner Stadtmeisterschaft 2023"]
[Site "?"]
[Date "2023.03.13"]
[Round "6.11"]
[White "Dlouhy, Peter"]
[Black "Westendorp, Christian"]
[Result "0-1"]
[WhiteElo "1750"]
[BlackElo "1851"]
[PlyCount "112"]
[EventDate "2023.??.??"]
[WhiteTeam "SV Unser Fritz Wanne-E"]
[BlackTeam "SK Holsterhausen e. V."]

1. d4 Nf6 2. Bf4 c5 3. e3 g6 4. Nd2 Bg7 5. Ngf3 O-O 6. Be2 d6 7. h3 Nc6 8. O-O cxd4 9. exd4 Nd5 10. Bg5 h6 11. Bh4 Nf4 12. c3 Nxe2+ 13. Qxe2 d5 14. Rfe1 Qb6 15. Nb3 a5 16. Ne5 a4 17. Nxc6 Qxc6 18. Nc5 e5 19. Qd2 e4 20. b3 a3 21. Rac1 b6 22. Na4 g5 23. Bg3 Ba6 24. c4 dxc4 25. d5 Rad8 26. Red1 Qe8 27. Nxb6 c3 28. Qe1 Bd3 29. Bc7 c2 30. Rd2 Bc3 31. Qe3 Bxd2 32. Qxd2 f5 33. Bxd8 Qxd8 34. Qb4 Rf6 35. Nc4 Qxd5 36. Ne3 Qa8 37. Qe7 Qf8 38. Qb7 Qc5 39. Qd5+ Qxd5 40. Nxd5 Rd6 41. Ne7+ Kf7 42. Nxf5 Rc6 43. Ne3 Ke6 44. b4 Ke5 45. b5 Rc5 46. b6 Kd6 47. f3 exf3 48. gxf3 Kc6 49. b7 Kxb7 50. Kf2 Rb5 51. Ke1 Rb2 52. Kd2 Bg6 53. h4 gxh4 54. f4 Rb1 55. f5 Rxc1 56. Kxc1 h3 0-1

[Event "24.Offene Herner Stadtmeisterschaft 2023"]
[Site "?"]
[Date "2023.03.13"]
[Round "6.12"]
[White "Klein, Andreas"]
[Black "Nebel, Uwe"]
[Result "1/2-1/2"]
[WhiteElo "1673"]
[BlackElo "1809"]
[PlyCount "45"]
[EventDate "2023.??.??"]
[WhiteTeam "SC Buer-Hassel 1919 e. V."]
[BlackTeam "SG Drewer 54 e."]

1. e4 e6 2. d4 d5 3. Nd2 c5 4. exd5 exd5 5. Bb5+ Nc6 6. Qe2+ Qe7 7. dxc5 Qxe2+ 8. Nxe2 Bxc5 9. Nb3 Bd6 10. Bf4 Bxf4 11. Nxf4 Nge7 12. O-O O-O 13. c3 a6 14. Be2 d4 15. Nxd4 Nxd4 16. cxd4 Rd8 17. Rad1 g5 18. Nh5 Nf5 19. d5 Rd6 20. Bf3 Nh4 21. Be2 Bf5 22. Ng3 Rad8 23. Nxf5 1/2-1/2